Statistiques concernant Culture Générale - Série 1039

Cliquez ici pour prendre le quiz!

Statistiques générales

  • Ce quiz a été pris 62 fois
  • Le résultat moyen est 9 sur 10

Statistiques - réponses

QuestionRéponse% Correct
Quelle est la monnaie officielle de la principauté de Monaco ?euro
100%
Quel métal a pour symbole chimique : "Au" ?or
100%
A une personne qui exagère, on dit selon l'expression : "Faut pas pousser mémé (ou pépé) dans les ...orties
98%
Quel est l'infinitif du verbe conjugué à l'imparfait du subjonctif dans la phrase : "que je moulusse" ?moudre
98%
Si l'on prend un "tortillard", à bord de quel moyen de locomotion est-on ?train
97%
Complétez le titre de la légende médiévale d'origine celtique : "Tristan et...Iseult
92%
Quel opéra rock de Luc Plamondon et Michel Berger a pour décor la ville imaginaire de Monopolis ?Starmania
74%
Quel dispositif repliable permet de maintenir une moto ou un vélo debout, dans une position stable ?béquille
74%
Quelle poudre, extraite de l'arbre du même nom, les femmes moyen-orientales utilisent-elles pour se teindre les cheveux ?henné
72%
Dans la trilogie "Le Seigneur des anneaux" de Tolkien, le continent où se déroule l'action s'appelle "la Terre du...milieu
61%

Distribution des résultats

Percentile par nombre de réponses

% des personnes avec chaque résultat

Votre développement - résultats

Vous n’avez pas pris ce quiz